|
|
|
|
| LEADER |
00000cam a2200000 a 4500 |
| 001 |
vtls008358298 |
| 003 |
SK-MaSNL |
| 005 |
20260302074532.0 |
| 008 |
240314s1965 xo a 000 0 slo |
| 015 |
|
|
|a SKSNBA1965/12-03430
|
| 035 |
|
|
|a SK01SNK19650050515
|
| 035 |
|
|
|a SKM000052978
|
| 040 |
|
|
|a SNK
|b slo
|c SNK
|e AACR2
|
| 041 |
0 |
|
|a slo
|
| 044 |
|
|
|a xo
|c SK
|
| 080 |
|
|
|a 808.54-15:792(075.8)
|2 1981
|
| 080 |
|
|
|a 82.085.1:792(075.8)
|2 1981
|
| 100 |
1 |
|
|a Záborský, Viliam,
|d 1920-1982
|4 aut
|9 106871
|
| 245 |
1 |
0 |
|a Výslovnosť a prednes
|b ... učeb. text pre internú potrebu poslucháčov Vysokej školy múzických umení, Divadelná fakulta
|c Viliam Záborský
|
| 250 |
|
|
|a 1. vyd.
|
| 260 |
|
|
|a Bratislava
|b Slovenské pedagogické nakladateľstvo
|b Vysoká škola múzických umení
|c 1965
|
| 300 |
|
|
|a 93, [1] s.
|b ilustr., sch.
|c 4°
|
| 366 |
|
|
|e 247 výt.
|
| 490 |
1 |
|
|a Vysokoškolské učebné texty
|
| 504 |
|
|
|a Bibliogr.
|
| 650 |
0 |
7 |
|a javisková reč
|2 SNKPH
|9 76506
|
| 650 |
0 |
7 |
|a recitácie
|2 SNKPH
|9 31371
|
| 650 |
0 |
7 |
|a slovenčina
|2 SNKPH
|9 1350
|
| 650 |
0 |
7 |
|a výslovnosť
|2 SNKPH
|9 13487
|
| 655 |
|
7 |
|a učebnice vysokých škôl
|2 SNKPH
|9 70191
|
| 830 |
|
0 |
|a Vysokoškolské učebné texty
|9 276539
|
| 852 |
|
|
|a Slovenská národná knižnica v Martine
|b 10000
|h SB 11943
|
| 958 |
|
|
|a UV
|
| 958 |
|
|
|a NB
|
| 958 |
|
|
|a OND
|
| 999 |
|
|
|c 1165415
|d 1167345
|
| 952 |
|
|
|a SNK
|b SNK
|y PREZ
|7 0
|o snkSB 11943
|0 0
|1 0
|4 0
|d 2013-05-24
|l 0
|r 2026-02-24 20:47:07
|w 2026-02-24
|
| 952 |
|
|
|a SNK
|b SNK
|y VYP
|7 0
|p 17A1189020
|o snkSB 11943 D1
|i snkKSP 324/66
|0 0
|1 0
|4 0
|d 2013-05-24
|l 0
|r 2026-02-24 20:47:07
|w 2026-02-24
|